[Event "Madrid-ch Previa-B"]
[Site "Madrid"]
[Date "2020.02.29"]
[Round "9"]
[White "Vukotic Jovsic, Dragan"]
[Black "Pajuelo Morales, Raul"]
[Result "1/2-1/2"]
[WhiteElo "1886"]
[BlackElo "1836"]
[PlyCount "23"]
[EventDate "2020.02.06"]
[EventType "swiss"]
[EventRounds "9"]
[EventCountry "ESP"]
[SourceTitle "CBM 195 Extra"]
[Source "ChessBase"]
[SourceDate "2020.05.31"]
[SourceVersion "1"]
[SourceVersionDate "2020.05.31"]
[SourceQuality "1"]

1. Nf3 Nf6 2. d4 g6 3. Bf4 d6 4. h3 Bg7 5. e3 0-0 6. Be2 Nbd7 7. 0-0 b6 8. Nbd2 Bb7 9. a4 a6 10. Nc4 c5 11. c3 Rc8 12. Ncd2 1/2-1/2

[Event "Madrid-ch Previa-B"]
[Site "Madrid"]
[Date "2020.02.14"]
[Round "4"]
[White "Pajuelo Morales, Raul"]
[Black "Andrade Sandoval, Bianca"]
[Result "1/2-1/2"]
[WhiteElo "1836"]
[BlackElo "1966"]
[PlyCount "43"]
[EventDate "2020.02.06"]
[EventType "swiss"]
[EventRounds "9"]
[EventCountry "ESP"]
[SourceTitle "CBM 195 Extra"]
[Source "ChessBase"]
[SourceDate "2020.05.31"]
[SourceVersion "1"]
[SourceVersionDate "2020.05.31"]
[SourceQuality "1"]

1. c4 e6 2. g3 d5 3. Nf3 Nf6 4. Bg2 c6 5. d4 Be7 6. 0-0 0-0 7. Qc2 Nbd7 8. Nbd2 Re8 9. b3 Bd6 10. Bb2 e5 11. dxe5 Nxe5 12. cxd5 Nxd5 13. Nxe5 Bxe5 14. Bxe5 Rxe5 15. Nc4 Re8 16. Rad1 b5 17. e4 Bg4 18. Rd2 bxc4 19. exd5 cxb3 20. Qxb3 Rb8 21. Qa4 Be2 22. Rc1 1/2-1/2

[Event "Madrid-ch Previa-B"]
[Site "Madrid"]
[Date "2019.02.08"]
[Round "4"]
[White "Martin Arbeloa, Fernando"]
[Black "Pajuelo Morales, Raul"]
[Result "1/2-1/2"]
[WhiteElo "1913"]
[BlackElo "1914"]
[PlyCount "50"]
[EventDate "2019.02.01"]
[EventType "swiss"]
[EventRounds "9"]
[EventCountry "ESP"]
[SourceTitle "CBM 189 Extra"]
[Source "ChessBase"]
[SourceDate "2019.06.03"]
[SourceVersion "1"]
[SourceVersionDate "2019.06.03"]
[SourceQuality "1"]

1. d4 Nf6 2. c4 g6 3. Nc3 Bg7 4. e4 d6 5. Be2 0-0 6. Bg5 h6 7. Be3 e5 8. d5 a5 9. h4 h5 10. f3 Nh7 11. Qd2 f5 12. exf5 gxf5 13. 0-0-0 Qe8 14. Nh3 Na6 15. Bh6 Qg6 16. Bxg7 Kxg7 17. Rdg1 Nc5 18. Nf2 Qh6 19. Qxh6+ Kxh6 20. Kd2 Bd7 21. Nd3 Nxd3 22. Bxd3 Nf6 23. Nd1 Rae8 24. Bc2 Rg8 25. Nc3 Re7 1/2-1/2

[Event "Madrid Chamartin op 7th"]
[Site "Madrid"]
[Date "2018.09.07"]
[Round "7"]
[White "Lin, Ying Rui"]
[Black "Pajuelo Morales, Raul"]
[Result "1-0"]
[WhiteElo "2035"]
[BlackElo "1921"]
[PlyCount "73"]
[EventDate "2018.09.03"]
[EventType "swiss"]
[EventRounds "9"]
[EventCountry "ESP"]
[SourceTitle "CBM 187 Extra"]
[Source "ChessBase"]
[SourceDate "2018.11.04"]
[SourceVersion "1"]
[SourceVersionDate "2018.11.04"]
[SourceQuality "1"]

1. d4 Nf6 2. c4 g6 3. Nc3 Bg7 4. e4 d6 5. f4 0-0 6. Nf3 c5 7. d5 b5 8. cxb5 a6 9. bxa6 Bxa6 10. Bxa6 Nxa6 11. 0-0 Qb6 12. Kh1 Rfb8 13. e5 Ne8 14. h4 Nb4 15. h5 Qa6 16. e6 fxe6 17. hxg6 hxg6 18. Ng5 Qd3 19. Qe1 Nc7 20. Rf3 Qf5 21. Qh4 Nbxd5 22. g4 Qc2 23. Qh7+ Kf8 24. f5 Ke8 25. Qxg6+ Kd8 26. Qxg7 Kd7 27. Nxd5 Rh8+ 28. Nh3 Qd1+ 29. Kg2 Nxd5 30. Qg6 Qe2+ 31. Rf2 Qe4+ 32. Rf3 Qe2+ 33. Nf2 exf5 34. Qxf5+ e6 35. Qe4 Rh2+ 36. Kxh2 Qf1 37. Nh3 1-0

[Event "Madrid Chamartin op 7th"]
[Site "Madrid"]
[Date "2018.09.06"]
[Round "5"]
[White "Bustos Bernardo, Samuel"]
[Black "Pajuelo Morales, Raul"]
[Result "1-0"]
[WhiteElo "2131"]
[BlackElo "1921"]
[PlyCount "85"]
[EventDate "2018.09.03"]
[EventType "swiss"]
[EventRounds "9"]
[EventCountry "ESP"]
[SourceTitle "CBM 187 Extra"]
[Source "ChessBase"]
[SourceDate "2018.11.04"]
[SourceVersion "1"]
[SourceVersionDate "2018.11.04"]
[SourceQuality "1"]

1. Nf3 Nf6 2. c4 g6 3. Nc3 Bg7 4. e4 d6 5. Be2 0-0 6. d4 e5 7. 0-0 Nbd7 8. Be3 Ng4 9. Bg5 f6 10. Bd2 Nh6 11. d5 a5 12. a3 Nf7 13. Qc2 Ng5 14. Nxg5 fxg5 15. Bg4 Nf6 16. Bxc8 Qxc8 17. Bxg5 Nh5 18. Be3 Nf4 19. f3 Rf7 20. b4 c6 21. Na4 Qe8 22. dxc6 Qxc6 23. b5 Qe8 24. Rad1 Bf8 25. Nb6 Rd8 26. Nd5 g5 27. Bb6 Rc8 28. Bxa5 Qxb5 29. cxb5 Rxc2 30. Nxf4 exf4 31. Rc1 Ra2 32. Bb4 Kg7 33. Rf2 Rxf2 34. Kxf2 Kf6 35. b6 Ke6 36. Rc8 Bg7 37. Bc3 Be5 38. a4 h5 39. h3 Rg7 40. a5 g4 41. hxg4 hxg4 42. fxg4 Rxg4 43. Bxe5 1-0

[Event "Tres Cantos op 10th"]
[Site "Tres Cantos"]
[Date "2018.06.28"]
[Round "8.13"]
[White "Gomez Logrosan, Cristian"]
[Black "Pajuelo Morales, Raul"]
[Result "1-0"]
[WhiteElo "1647"]
[BlackElo "2005"]
[PlyCount "37"]
[EventDate "2018.06.21"]
[EventType "swiss"]
[EventRounds "9"]
[EventCountry "ESP"]
[SourceTitle "EXT 2024"]
[Source "ChessBase"]
[SourceDate "2023.10.10"]
[SourceVersion "1"]
[SourceVersionDate "2023.10.10"]
[SourceQuality "1"]

1. d4 Nf6 2. Nc3 d5 3. Bg5 Nbd7 4. Nf3 e6 5. e4 dxe4 6. Nxe4 Be7 7. Nxf6+ Nxf6 8. Bd3 a6 9. 0-0 c6 10. c3 b6 11. Ne5 Bb7 12. f4 h6 13. Bh4 g6 14. Qe2 h5 15. Rae1 Nd5 16. Nxf7 Kxf7 17. Qxe6+ Kg7 18. Qxg6+ Kf8 19. Bxe7+ 1-0

[Event "Tres Cantos op 10th"]
[Site "Tres Cantos"]
[Date "2018.06.24"]
[Round "4.53"]
[White "Martinez Dominguez, David"]
[Black "Pajuelo Morales, Raul"]
[Result "0-1"]
[WhiteElo "1203"]
[BlackElo "2005"]
[PlyCount "88"]
[EventDate "2018.06.21"]
[EventType "swiss"]
[EventRounds "9"]
[EventCountry "ESP"]
[SourceTitle "EXT 2024"]
[Source "ChessBase"]
[SourceDate "2023.10.10"]
[SourceVersion "1"]
[SourceVersionDate "2023.10.10"]
[SourceQuality "1"]

1. b3 e5 2. Bb2 Nc6 3. e3 Nf6 4. d3 Be7 5. Nd2 0-0 6. Ngf3 d6 7. Be2 Ne8 8. d4 exd4 9. exd4 d5 10. c4 Nf6 11. cxd5 Nxd5 12. Bc4 Bf5 13. Ne5 Nxe5 14. dxe5 c6 15. Qf3 Be6 16. Ne4 Qa5+ 17. Nc3 Bb4 18. Bxd5 Bxd5 19. Qg3 Rfe8 20. 0-0 Bf8 21. Rad1 Be6 22. Rd4 Rad8 23. Rh4 Bf5 24. Re1 Rd3 25. Re3 Rxe3 26. Qxe3 Qxe5 27. Rh5 Qxe3 28. fxe3 Bg6 29. Rh3 Bc5 30. Bc1 f6 31. Kf1 a5 32. Na4 Ba7 33. Bd2 b5 34. Nb2 Bb6 35. Ke2 Bf5 36. Rg3 Bc7 37. Be1 Be5 38. Nd1 Bxg3 39. Bxg3 Bg4+ 40. Kd2 Rd8+ 41. Ke1 Rxd1+ 42. Kf2 Rd2+ 43. Ke1 Rxa2 44. h3 Be6 0-1

[Event "Madrid San Viator op-A 30th"]
[Site "Madrid"]
[Date "2018.05.27"]
[Round "7"]
[White "Pajuelo Morales, Raul"]
[Black "Fernandez Rios, Jose Francisco"]
[Result "1/2-1/2"]
[WhiteElo "2005"]
[BlackElo "1741"]
[PlyCount "45"]
[EventDate "2018.04.08"]
[EventType "swiss"]
[EventRounds "9"]
[EventCountry "ESP"]
[SourceTitle "EXT 2019"]
[Source "ChessBase"]
[SourceDate "2018.10.10"]
[SourceVersion "1"]
[SourceVersionDate "2018.10.10"]
[SourceQuality "1"]

1. c4 c5 2. g3 g6 3. Bg2 Bg7 4. Nc3 Nc6 5. Nf3 d6 6. 0-0 Bf5 7. h3 e5 8. d3 Qd7 9. Kh2 Nge7 10. e4 Be6 11. Ng5 0-0 12. Nxe6 Qxe6 13. Nd5 Qd7 14. h4 Nxd5 15. cxd5 Nd4 16. Bh3 Qe7 17. f4 f5 18. fxe5 Bxe5 19. Bg5 Bf6 20. Bh6 Bg7 21. Bg5 Bf6 22. Bh6 Bg7 23. Bg5 1/2-1/2

[Event "Madrid San Viator op-A 30th"]
[Site "Madrid"]
[Date "2018.05.20"]
[Round "6"]
[White "Campos Tores, Jose Luis"]
[Black "Pajuelo Morales, Raul"]
[Result "1/2-1/2"]
[WhiteElo "1894"]
[BlackElo "2005"]
[PlyCount "78"]
[EventDate "2018.04.08"]
[EventType "swiss"]
[EventRounds "9"]
[EventCountry "ESP"]
[SourceTitle "EXT 2019"]
[Source "ChessBase"]
[SourceDate "2018.10.10"]
[SourceVersion "1"]
[SourceVersionDate "2018.10.10"]
[SourceQuality "1"]

1. d4 Nf6 2. c4 g6 3. Nc3 Bg7 4. e4 d6 5. Nf3 0-0 6. Be2 e5 7. 0-0 Nbd7 8. d5 a5 9. Be3 Ng4 10. Bg5 f6 11. Bc1 f5 12. Ne1 Ngf6 13. f3 f4 14. Nd3 b6 15. b4 axb4 16. Nxb4 Nc5 17. Nc6 Qe8 18. Nb5 Rf7 19. Bd2 Bb7 20. Nb4 g5 21. Nd3 Nxd3 22. Bxd3 Bf8 23. Bb4 Rg7 24. a4 Qh5 25. h3 Bc8 26. Be2 Bxh3 27. gxh3 Qxh3 28. Rf2 g4 29. fxg4 Nxg4 30. Bxg4 h5 31. Rg2 hxg4 32. Ra3 f3 33. Rh2 Qg3+ 34. Kh1 Rh7 35. Raa2 Rxa4 36. Qxa4 f2 37. Raxf2 Qxf2 38. Rxh7 Qf1+ 39. Kh2 Qf2+ 1/2-1/2

[Event "Madrid San Viator op-A 30th"]
[Site "Madrid"]
[Date "2018.05.06"]
[Round "4"]
[White "Casares Sanchez, Rodrigo"]
[Black "Pajuelo Morales, Raul"]
[Result "0-1"]
[WhiteElo "1702"]
[BlackElo "2005"]
[PlyCount "155"]
[EventDate "2018.04.08"]
[EventType "swiss"]
[EventRounds "9"]
[EventCountry "ESP"]
[SourceTitle "EXT 2019"]
[Source "ChessBase"]
[SourceDate "2018.10.10"]
[SourceVersion "1"]
[SourceVersionDate "2018.10.10"]
[SourceQuality "1"]

1. e4 c5 2. Nc3 d6 3. g3 Nf6 4. Bg2 Nc6 5. Nge2 e6 6. 0-0 Be7 7. d4 cxd4 8. Nxd4 Bd7 9. Ndb5 Qb8 10. Bf4 Ne5 11. a4 a6 12. Na3 Qc7 13. Qe2 0-0 14. Rfd1 Rfd8 15. Rd2 Rac8 16. Rad1 Qb6 17. Rb1 Qb4 18. Nd1 Bxa4 19. c3 Qa5 20. Ne3 Bb3 21. g4 Ng6 22. Bg3 Qg5 23. h4 Qc5 24. g5 Ne8 25. h5 Ne5 26. Kh1 Nc4 27. Naxc4 Bxc4 28. Nxc4 Qxc4 29. Qe3 Qc5 30. Qxc5 dxc5 31. Rbd1 Bxg5 32. f4 Be7 33. e5 Rxd2 34. Rxd2 Rc7 35. f5 Bg5 36. Rd1 exf5 37. e6 Re7 38. exf7+ Kxf7 39. Rd5 g6 40. hxg6+ hxg6 41. Rxc5 Be3 42. Rc8 Ke6 43. Bf1 g5 44. Bc4+ Kf6 45. Bd5 f4 46. Be1 Nd6 47. Rf8+ Ke5 48. c4 Bd4 49. Rg8 Kf6 50. Bb4 Be5 51. c5 Nb5 52. Rh8 Kf5 53. Rf8+ Kg6 54. Kg2 Bd4 55. Bc4 Re3 56. Rd8 Bxb2 57. Rd7 Rg3+ 58. Kh2 g4 59. Bf7+ Kf6 60. Ba5 Rh3+ 61. Kg1 Bd4+ 62. Kf1 Bxc5 63. Bd8+ Kg7 64. Bh5+ Kh6 65. Bxg4 Rg3 66. Bf5 Rg1+ 67. Ke2 Nd4+ 68. Kd2 Nxf5 69. Rd5 Be3+ 70. Kc3 Rc1+ 71. Kb2 Ng3 72. Bb6 Re1 73. Ba5 Re2+ 74. Kb1 f3 75. Rd1 f2 76. Bc3 f1Q 77. Rxf1 Nxf1 78. Bd4 0-1

[Event "Madrid Tajamar Easter op-A"]
[Site "Madrid"]
[Date "2018.03.26"]
[Round "6"]
[White "Nadal Fajardo, Ricard"]
[Black "Pajuelo Morales, Raul"]
[Result "1-0"]
[WhiteElo "1926"]
[BlackElo "1998"]
[PlyCount "105"]
[EventDate "2018.03.22"]
[EventType "swiss"]
[EventRounds "7"]
[EventCountry "ESP"]
[SourceTitle "EXT 2019"]
[Source "ChessBase"]
[SourceDate "2018.10.10"]
[SourceVersion "1"]
[SourceVersionDate "2018.10.10"]
[SourceQuality "1"]

1. Nf3 Nf6 2. c4 g6 3. g3 Bg7 4. Bg2 0-0 5. 0-0 d6 6. Nc3 Nbd7 7. a3 e5 8. Rb1 Nh5 9. e4 Bh6 10. b4 Ng7 11. d3 Bxc1 12. Qxc1 Ne6 13. Qh6 c6 14. h4 Qf6 15. Ng5 Qg7 16. Qxg7+ Nxg7 17. f4 f6 18. Nf3 a5 19. fxe5 Nxe5 20. Nxe5 fxe5 21. Rxf8+ Kxf8 22. b5 Bd7 23. bxc6 Bxc6 24. Bh3 Ke7 25. Nd5+ Bxd5 26. exd5 Rb8 27. Rb6 Ne8 28. Kf2 Kd8 29. Ke3 Kc7 30. Rb5 b6 31. Rb2 Kd8 32. Rf2 Ke7 33. Be6 Nf6 34. g4 Rf8 35. Rb2 Rb8 36. d4 exd4+ 37. Kxd4 Nd7 38. Bxd7 Kxd7 39. Rf2 Ke7 40. Kc3 Rc8 41. Rb2 Rb8 42. g5 Kd7 43. h5 gxh5 44. Rh2 Rg8 45. Rxh5 Rg7 46. Kb3 Kc7 47. Ka4 Kb7 48. Rh6 Rd7 49. c5 dxc5 50. Kb5 Rxd5 51. Rxh7+ Kc8 52. Kc6 Rd8 53. g6 1-0

[Event "Collado Villalba op-A 22nd"]
[Site "Collado Villalba"]
[Date "2005.08.20"]
[Round "1"]
[White "Pajuelo Morales, Raul"]
[Black "Saldano Dayer, Horacio"]
[Result "1/2-1/2"]
[WhiteElo "2013"]
[BlackElo "2447"]
[PlyCount "178"]
[EventDate "2005.08.20"]
[EventType "swiss"]
[EventRounds "9"]
[EventCountry "ESP"]
[SourceTitle "CBM 108 Extra"]
[Source "ChessBase"]
[SourceDate "2005.11.04"]
[SourceVersion "1"]
[SourceVersionDate "2005.11.04"]
[SourceQuality "1"]

1. d4 Nf6 2. c4 e6 3. g3 c5 4. Nf3 cxd4 5. Nxd4 Nc6 6. Bg2 Bc5 7. Nxc6 bxc6 8. 0-0 0-0 9. b3 d5 10. Bb2 Re8 11. Qc2 Bb6 12. Rd1 e5 13. Nc3 Bb7 14. Na4 Qe7 15. Nxb6 axb6 16. a4 d4 17. Ba3 c5 18. Bxb7 Qxb7 19. b4 cxb4 20. Bxb4 Rac8 21. Qb3 h5 22. h4 Qd7 23. a5 bxa5 24. Rxa5 Qh3 25. Qf3 Rxc4 26. Bd6 Rc3 27. Qg2 Qxg2+ 28. Kxg2 Ng4 29. Rd2 Re6 30. Bb8 Rc1 31. Ra3 Rb6 32. Ba7 Rbb1 33. Kf3 Rf1 34. e3 Ra1 35. Rxa1 Rxa1 36. Bc5 dxe3 37. Bxe3 Ra3 38. Rd5 Rb3 39. Ra5 Kh7 40. Rc5 Kg6 41. Ra5 f6 42. Rc5 Kf5 43. Ra5 Kg6 44. Rc5 Rb4 45. Bd2 e4+ 46. Kf4 Ra4 47. Be3 Ne5 48. Rxe5 fxe5+ 49. Kxe5 Rb4 50. Bd4 Kf7 51. Kxe4 Ke6 52. Kd3 g6 53. Be3 Kf5 54. Ke2 Kg4 55. Kf1 Kf3 56. Kg1 Ra4 57. Bb6 Rg4 58. Kh2 Ra4 59. Kg1 Rc4 60. Ba7 g5 61. hxg5 h4 62. gxh4 Rg4+ 63. Kh2 Rxh4+ 64. Kg1 Rg4+ 65. Kh2 Rxg5 66. Bb6 Rg4 67. Bc5 Kf4 68. Be3+ Kf5 69. Bc5 Kg5 70. Bb6 Kf5 71. Bc5 Ke4 72. Bb6 Kf3 73. Bc5 Rg2+ 74. Kh1 Rg5 75. Bb6 Rg6 76. Bc5 Kg4 77. Bd4 Kh3 78. f4 Rd6 79. Bg1 Rd1 80. f5 Rf1 81. f6 Rxf6 82. Bd4 Rd6 83. Bg1 Kg4 84. Bh2 Rd1+ 85. Bg1 Kf3 86. Kh2 Rd7 87. Kh1 Rd5 88. Bh2 Rd1+ 89. Bg1 Kg3 1/2-1/2